| 000 | 01411nam a2200301 i 4500 | ||
|---|---|---|---|
| 001 | 000048588 | ||
| 003 | DO-SdBNP | ||
| 005 | 20241113144510.0 | ||
| 007 | ta | ||
| 008 | 150119s2013 dr abc 000 i spa d | ||
| 020 | _a9789945471625 | ||
| 040 |
_aDO-SdBNP _bspa _cBNPHU _erda |
||
| 082 | 4 |
_axxx _bT231m _222 |
|
| 100 | 1 |
_aTavárez Mirabal, Minou, _d1956- _eautor _4aut. _972947 |
|
| 245 | 1 | 0 |
_aMañana te escribiré otra vez : _bMinerva y Manolo. Cartas / _cMinou Tavárez Mirabal ; presentación, Michelle Bachelet Jeria. |
| 264 | 4 |
_aSanto Domingo : _bEditora Fundación Hermanas Mirabal, _c2013. |
|
| 300 |
_a303 páginas: _bilustraciones, mapas, retratos ; _c28 cm. |
||
| 336 |
_atexto _btxt _2rdacontent |
||
| 337 |
_asin mediación _bn _2rdacarrier |
||
| 338 |
_avolumen _bnc _2rdacarrier |
||
| 500 | _aIncluye datos biográficos de la autora en las solapas | ||
| 500 | _aIncluye referencias bibliográficas y notas al pie de las páginas. | ||
| 500 | _aLibro de pasta dura. | ||
| 505 | 0 |
_aPresentación de Michelle Bachelet Jeria-- _tA mis padres-- _tCartas de Minerva y Manolo-- _t1-Novios -- _gAgosto 1954- Octubre 1955 -- _t2-Esposos -- _g1956-1958 -- _t3-En la cárcel -- _g1959-1960 _t4-La vida -- _tAnexos -- _tÁlbum _tGlosario -- _tÍndice de fotos -- _tLa ciudad de Minerva y Manolo. |
|
| 590 | _aInventariado, 2019/ YL | ||
| 700 | 1 |
_aBachelet Jeria, Michelle, _epresentación _972948 |
|
| 942 |
_2ddc _cLBS1 |
||
| 999 |
_c48076 _d48076 |
||